000
00256nam a22000977a 4500
999
_c
11238
_d
11238
008
181108b ||||| |||| 00| 0 eng d
020
_a
9788193647929
100
_a
Sharma,R.D.
_9
6987
245
_a
Mathematics-X
260
_a
New Delhi
_b
Dhanpat Publications
_c
2018